Система геометрической адаптации специализированного сварочного робота; Известия Томского политехнического университета [Известия ТПУ]; Т. 312, № 4 : Энергетика

Detalles Bibliográficos
Parent link:Известия Томского политехнического университета [Известия ТПУ]/ Томский политехнический университет (ТПУ).— , 2000-
Т. 312, № 4 : Энергетика.— 2008.— [С. 117-119]
Autor principal: Дементьев Ю. Н. Юрий Николаевич
Otros Autores: Князьков А. Ф. Анатолий Фёдорович, Князьков С. А.
Sumario:Заглавие с титульного листа
Электронная версия печатной публикации
Предложена система геометрической адаптации для действующего макета специализированного робототехнологического комплекса. Представлена функциональная схема системы управления углом наклона в функции пространственного положения сварочной ванны в соответствии с требуемым законом при любом диаметре трубы и скорости сварки.
Lenguaje:ruso
Publicado: 2008
Colección:Энергетика
Materias:
Acceso en línea:http://www.lib.tpu.ru/fulltext/v/Bulletin_TPU/2008/v312/i4/25.pdf
Formato: Electrónico Capítulo de libro
KOHA link:https://koha.lib.tpu.ru/cgi-bin/koha/opac-detail.pl?biblionumber=173239

MARC

LEADER 00000nla2a2200000 4500
001 173239
005 20231031164451.0
035 |a (RuTPU)RU\TPU\book\187899 
035 |a RU\TPU\book\187896 
090 |a 173239 
100 |a 20091222d2008 k y0rusy50 ca 
101 0 |a rus 
102 |a RU 
135 |a drnn ---uucaa 
181 0 |a i  
182 0 |a b 
200 1 |a Система геометрической адаптации специализированного сварочного робота  |b Электронный ресурс  |f Ю. Н. Дементьев, А. Ф. Князьков, С. А. Князьков 
203 |a Текст  |c электронный 
215 |a 1 файл (303 Кб) 
225 1 |a Энергетика 
230 |a Электронные текстовые данные (1 файл : 303 Кб) 
300 |a Заглавие с титульного листа 
300 |a Электронная версия печатной публикации 
320 |a [Библиогр.: с. 119 (2 назв.)] 
330 |a Предложена система геометрической адаптации для действующего макета специализированного робототехнологического комплекса. Представлена функциональная схема системы управления углом наклона в функции пространственного положения сварочной ванны в соответствии с требуемым законом при любом диаметре трубы и скорости сварки. 
337 |a Adobe Reader 
461 1 |0 (RuTPU)RU\TPU\book\176237  |t Известия Томского политехнического университета [Известия ТПУ]  |f Томский политехнический университет (ТПУ)  |d 2000- 
463 1 |0 (RuTPU)RU\TPU\book\187859  |t Т. 312, № 4 : Энергетика  |v [С. 117-119]  |d 2008  |p 153 с. 
610 1 |a система геометрической адаптации 
610 1 |a сварочные роботы 
610 1 |a робототехнологические комплексы 
610 1 |a функциональные схемы 
610 1 |a системы управления 
610 1 |a углы наклона 
610 1 |a сварочные ванны 
610 1 |a трубы 
610 1 |a варка 
610 1 |a труды учёных ТПУ 
610 1 |a электронный ресурс 
700 1 |a Дементьев  |b Ю. Н.  |c доцент, зав. кафедрой электропривода и электрооборудования (ЭПЭО) ЭЛТИ, ТПУ  |c кандидат технических наук  |f 1953-  |g Юрий Николаевич  |2 stltpush  |3 (RuTPU)RU\TPU\pers\25853 
701 1 |a Князьков  |b А. Ф.  |c специалист в области сварки  |c доцент Института неразрушающего контроля Томского политехнического университета  |c доцент Юргинского технологического института (филиала) Томского политехнического университета  |f 1939-  |g Анатолий Фёдорович  |2 stltpush  |3 (RuTPU)RU\TPU\pers\27411 
701 1 |a Князьков  |b С. А. 
801 1 |a RU  |b 63413507  |c 20090623  |g PSBO 
801 2 |a RU  |b 63413507  |c 20211118  |g PSBO 
856 4 |u http://www.lib.tpu.ru/fulltext/v/Bulletin_TPU/2008/v312/i4/25.pdf 
942 |c CF